| 000 | 01548cam a2200349 a 4500 | ||
|---|---|---|---|
| 001 | 4895929 | ||
| 003 | PILC | ||
| 005 | 20150318100656.0 | ||
| 008 | 930812s1992 enk b 001 0 eng d | ||
| 010 | _a 93163032 | ||
| 020 | _a0273600060 | ||
| 035 | _a(OCoLC)27435661 | ||
| 040 |
_aEUN _cEUN _dCU-I _dDLC |
||
| 042 | _alccopycat | ||
| 050 | 0 | 0 |
_aHD 30 _b.F56 1993 |
| 082 | 0 | 0 | _a658 |
| 245 | 0 | 4 |
_aThe financial times on management : _bgrappling with change and uncertainty / _c[edited by], Christopher Lorenz and Nicholas Leslie. |
| 260 |
_aLondon : _bFinancial Times : _bPitman, _c1992. |
||
| 300 |
_aviii, 232 pages : _c24 cm. |
||
| 500 | _aSelection of articles originally appearing in the Financial times. | ||
| 500 | _a"Financial times / Pitman Publishing series"--Jacket. | ||
| 504 | _aIncludes bibliographical references and index. | ||
| 505 | 0 | _aCracking the cultural mould -- Wrestling with reorganisation -- Making total quality a way of life -- Making sense of human resources -- Training on trial -- Corporate governance--striking the right balance -- Coping with short-termism -- Recession--a survivor's guide -- Eastern Europe--opportunity or risk? | |
| 650 | 0 | _aManagement. | |
| 650 | 0 | _aIndustrial management. | |
| 700 | 1 |
_aLorenz, Christopher, _d1946- |
|
| 700 | 1 | _aLeslie, Nicholas. | |
| 730 | 0 | _aFinancial times (London, England) | |
| 906 |
_a7 _bcbc _ccopycat _d3 _encip _f19 _gy-gencatlg |
||
| 942 |
_2lcc _cBK |
||
| 999 |
_c283775 _d283775 |
||